Anagram Groups (8 Letters) # 3 Quiz Stats

 Plays Quiz not verified by Sporcle

Support Sporcle.
Go Orange.
Score 0/16 Timer 07:00
0 Plays Today
Hint Anagram(s) % Correct
M O S
R U
M H O
Mushroom
93%
L O S
H S
L A T
Sash, Toll
76.7%
A I R
N D
T M A
Drama, Tin
75.9%
C I N
A O
S L L
Local, Sin
72.4%
M O S
R U
M H O
Moor, Mush
72%
L O S
H S
L A T
Hosts, All
71.6%
M O S
R U
M H O
Rooms, Hum
70%
L O S
H S
L A T
Shallots
70%
Hint Anagram(s) % Correct
A I R
N D
T M A
Amid, Rant
66.9%
C I N
A O
S L L
Call, Ions
65%
C I N
A O
S L L
Scallion
51.8%
C I N
A O
S L L
Lilacs, No
42.4%
A I R
N D
T M A
Tamarind
39.7%
L O S
H S
L A T
Stalls, Oh
37%
M O S
R U
M H O
Humors, Om
35.8%
A I R
N D
T M A
Mantra, Id
27.6%

You're not logged in!

Compare scores with friends on all Sporcle quizzes.
OR
Log In

From the Vault

'E' Movies by Picture II

by sweett310

When it comes to movie titles 'E' is a more rare letter than you might think.
Remove Ads.
Support Sporcle.
Get the best of Sporcle when you Go Orange. This ad-free experience offers more features, more stats, and more fun while also helping to support Sporcle. Thank you for becoming a member.

Show Comments

Extras

Top Quizzes Today


Score Distribution

Your Account Isn't Verified!

In order to create a playlist on Sporcle, you need to verify the email address you used during registration. Go to your Sporcle Settings to finish the process.

Report this User

Report this user for behavior that violates our Community Guidelines.

Details: